Mittelalterliche Häfen, Schiffahrt und Schiffer von Marienburg (Malbork)

Titel: Mittelalterliche Häfen, Schiffahrt und Schiffer von Marienburg (Malbork)
Verfasser:
In: Deutsches Schiffahrtsarchiv, Band 29 (2006), Seite 115-136, 5 Abb.
alle Artikel anzeigen
Veröffentlicht: 2006 [2007]
Format: Aufsatz
Sprache: Deutsch
Kein Bild verfügbar
X
alg: 39225637
001A    $01999:11-11-16 
001B    $01999:26-04-21 $t20:16:31.000 
001D    $01999:11-11-16 
001U    $0utf8 
001X    $00 
002@    $0Aox 
003@    $0392256371 
007A    $0392256371 $aHEB 
007T    $0Herdc0048357m 
010@    $ager 
011@    $a2006 $n2006 [2007] 
021A    $aMittelalterliche Häfen, Schiffahrt und Schiffer von Marienburg (Malbork) 
028A    $aDomżał $dRobert 
031A    $d29 $h115-136, 5 Abb. $j2006 
037A    $aengl. Res. 135-136: Medieval Harbours, Shipping and Ship-Masters of Marienburg (Malbork); franz. Res. 136 
039B    $aIn $8--Abvc--. Deutsches Schiffahrtsarchiv. - Bremerhaven : Deutsches Schiffahrtsmuseum, 1975-2019. - ISSN 0343-3668 $x200600000290000885 $9047830182 
045F    $a330.09438 $eDDC23BSB 
045F/01 $a330.09 
045F/03 $g438 
045F/03 $g4382 
045F/03 $g43832 

lok: 39225637 78

exp: 39225637 78 1 #EPN
201B/01 $011-01-18 $t23:05:48.000 
201U/01 $0utf8 
203@/01 $078835275X 
208@/01 $a11-11-16 $be 
209A/01 $a/ $f000 $x00 
220C/01 $aTitelaufnehmer: pg 
220C/01 $aHerkunft: HI Marburg 
244Z/01 $2Trx $#Poola $#Lenkija $#Polija $#Polen Land $#Poland $#Lengyelország $#Poľsko $#Polsko $8--Trx--Polska$gkraj $x01 $9391345966 
244Z/01 $2Trx $#Prusy Wschodnie i Zachodnie $8--Trx--Ost- und Westpreußen $x02 $939113373X 
244Z/01 $#Marienburg Westpreußen $71148108955 $8--Tg1--Malbork $x03 $9423704907 
244Z/01 $aGeschichte 1279-1419 $x04 
244Z/01 $2Trx $#sadamad $#uostai $#ports $#kikötök $#porty $#prístavy $#přístavy $8--Trx--Häfen $x05 $9391360663 
244Z/01 $2Trx $#laeva sõit $#jūreivystė $#shipping $#hajóutazás $#żegluga $#doprava lodná $#doprava lodní $#Seefahrt $#doprava námorná $#doprava námořní $8--Trx--Schifffahrt $x06 $9391380680 
244Z/01 $2Trx $#kalandus $#žvejyba $#fishery $#halászat $#rybołówstwo $#rybárstvo $#rybářství $8--Trx--Fischerei $x07 $9391374907 
244Z/01 $2Trx $#tsunftid $#amatininkų cechai $#guilds $#céhek $#cechy rzemieślnicze $#cechy $#cechy $#Gilden $8--Trx--Zünfte $x08 $9391367013 
244Z/01 $2Trx $#kaubavahetus üldiselt $#prekyba bendras $#trade $#kereskedelem általános $#handel ogólnie $#obchod všeobecne $#obchod všeobecně $#Gewerbe $#remeslo, živnosť $8--Trx--Handel$gallgemein $x09 $9391373781 
244Z/01 $2Trx $8--Trx--Zeitschriftenaufsatz $x10 $9391384341 
245Z/01 $a13.03 $x01 
245Z/01 $a09.05 $x02 
247C/01 $82080>Marburg/Lahn, Herder-Institut, Forschungsbibliothek, Bibliographieportal $9336309341
LEADER 00000caa a22000002c 4500
001 392256371
003 DE-603
005 20210426201631.0
007 tu
008 161111s2006 xx |||| | u00||u|ger c
035 |a (DE-599)HEB392256371 
040 |a DE-603  |b ger  |c DE-603  |d DE-603 
041 |a ger 
082 0 4 |8 1\u  |a 330.09438  |q DE-101  |2 23/BSB 
085 |8 1\u  |b 330.09 
085 |8 1\u  |z 2  |s 438 
085 |8 1\u  |z 2  |s 4382 
085 |8 1\u  |z 2  |s 43832 
100 1 |a Domżał, Robert 
245 0 0 |a Mittelalterliche Häfen, Schiffahrt und Schiffer von Marienburg (Malbork) 
264 0 |c 2006 [2007] 
500 |a engl. Res. 135-136: Medieval Harbours, Shipping and Ship-Masters of Marienburg (Malbork); franz. Res. 136 
773 0 8 |i In  |t Deutsches Schiffahrtsarchiv  |d Bremerhaven : Deutsches Schiffahrtsmuseum, 1975-2019  |h 24 cm  |x 0343-3668  |g Band 29 (2006), Seite 115-136, 5 Abb.  |w (DE-603)047830182  |w (DE-600)544145-6 
924 0 |9 2080  |a (DE-603)78835275X  |b DE-2080  |c HES  |d d  |g /